Newest purpose-built Capital Cities - Statistics

General Stats
  • This quiz has been taken 83 times
  • The average score is 8 of 17
Answer Stats
Year Capital City % Correct
1960 Brasilia
93%
1927 Canberra
72%
2005 Naypyidaw
67%
1991 Abuja
64%
1912 New Delhi
63%
1800 Washington
61%
1960 Islamabad
57%
1998 Astana
39%
1970 Belmopan
38%
2006 Ngerulmud
38%
1860 Pretoria
35%
1983 Yamoussoukro
35%
1996 Dodoma
33%
1923 Ankara
25%
1989 Palikir
21%
1958 Nouakchott
7%
1964 Gaborone
6%
No matching quizzes found
Score Distribution
Percent of People with Each Score
Percentile by Number Answered
Your Score History
You have not taken this quiz